[Event "SVK-ch U16"]
[Site "Liptovsky Mikulas"]
[Date "2007.04.23"]
[Round "3"]
[White "Kolesar, Rastislav"]
[Black "Hurban, Martin"]
[Result "1-0"]
[WhiteElo "1908"]
[BlackElo "1746"]
[PlyCount "87"]
[EventDate "2007.04.22"]
[EventType "swiss"]
[EventRounds "9"]
[EventCountry "SVK"]
[SourceTitle "EXT 2008"]
[Source "ChessBase"]
[SourceDate "2007.11.25"]
[SourceVersion "1"]
[SourceVersionDate "2007.11.25"]
[SourceQuality "1"]

1. e4 e6 2. d4 d5 3. e5 c5 4. c3 Nc6 5. Nf3 Qb6 6. a3 cxd4 7. cxd4 Nge7 8. b4 Bd7 9. Bb2 Nf5 10. g4 Nh6 11. h3 Rc8 12. Nc3 Na5 13. Na4 Qc6 14. Rc1 Nc4 15. Bxc4 Qxa4 16. Qxa4 Bxa4 17. Bb5+ Bxb5 18. Rxc8+ Kd7 19. Rc3 Be7 20. Kd2 Bd8 21. Ra1 a5 22. Rac1 Bc4 23. Kd1 a4 24. Rxc4 dxc4 25. Rxc4 Be7 26. Nd2 b5 27. Rc3 f5 28. exf6 gxf6 29. Ne4 Rf8 30. Nc5+ Kd6 31. Re3 Re8 32. Rxe6+ Kd5 33. f4 Nf7 34. Rb6 Nd6 35. Bc1 Kxd4 36. f5 Kc4 37. Kc2 Rc8 38. Bb2 h5 39. Bxf6 Bxf6 40. Rxd6 Be7 41. Rd3 hxg4 42. hxg4 Rh8 43. Ne4 Rh4 44. Nd2# 1-0

[Event "SVK-ch U16"]
[Site "Liptovsky Mikulas"]
[Date "2007.04.22"]
[Round "1"]
[White "Manak, Adrian"]
[Black "Hurban, Martin"]
[Result "0-1"]
[WhiteElo "1350"]
[BlackElo "1746"]
[PlyCount "41"]
[EventDate "2007.04.22"]
[EventType "swiss"]
[EventRounds "9"]
[EventCountry "SVK"]
[SourceTitle "EXT 2008"]
[Source "ChessBase"]
[SourceDate "2007.11.25"]
[SourceVersion "1"]
[SourceVersionDate "2007.11.25"]
[SourceQuality "1"]

1. d4 e6 2. e4 d5 3. Nd2 Nf6 4. e5 Nfd7 5. Bd3 c5 6. c3 Nc6 7. Ne2 Qb6 8. Nf3 f6 9. exf6 Nxf6 10. 0-0 Bd6 11. Ng5 e5 12. dxe5 Nxe5 13. Re1 0-0 14. f4 c4+ 15. Nd4 Nxd3 16. Rf1 Bc5 17. Be3 Bg4 18. Qd2 h6 19. Ngf3 Ne4 20. Qe2 Nxf4 21. Bxf4 0-1